Gaming Quiz

Random Gaming or World Quiz

Donkey Kong 64 Bosses Quiz Stats

Quiz not verified by Sporcle

Challenge
Share
Tweet
Embed
Score 0/6 Timer 01:00
0 Plays Today
World Boss % Correct
Jungle Japes/Crystal CavesArmy Dillo
81.4%
DK IslandKing K. Rool
73.4%
Frantic FactoryMad Jack
57.6%
Angry Aztec/Fungi ForestDogadon
43.5%
Gloomy GalleonPuftoss
38.4%
Creepy CastleKing K. Rool Kutout
18.1%

You're not logged in!

Compare scores with friends on all Sporcle quizzes.
Sign Up with Email
OR
Log In

You Might Also Like...

Show Comments

Extras

Top Quizzes Today


Score Distribution

Your Account Isn't Verified!

In order to create a playlist on Sporcle, you need to verify the email address you used during registration. Go to your Sporcle Settings to finish the process.

Report this User

Report this user for behavior that violates our Community Guidelines.

Details: